LEADER 01155nam a2200277 i 4500 001 000000140758 003 CaOOAMICUS 005 20190107124513.0 008 050721s2004 it u000 u ita u 013 $a114959 020 $a88-339-1558-1 040 $aSeMil$bita 100 1 $aMontevecchi, Federica.$0(OLS)http://semarc/name/56702 245 10$aGiorgio Colli :$bbiografia intellettuale /$cFederica Montevecchi. 260 $aTorino :$bBollati Boringhieri,$ccopyr. 2004. 300 $a174 p. ;$c22 cm. 490 0 $aSaggi. Storia, filosofia e scienze sociali 600 14$aColli, Giorgio <1917-1969>.$0(OLS)http://semarc/subject/15513 830 0$aSaggi. Storia, filosofia e scienze sociali.$0(OLS)http://semarc/title/13104 850 $aSeMil 852 $aSeMil$W1$xVenegono$y1$m56 15 21 *$j94061$B94061$CSeMilBibl$Z2$F99501 $81 961 $aAcquisto: Àncora (Libreria) 996 $6020$a88-339-1558-1$9(OLS)http://semarc/number/128901 996 $6245$aGiorgio Colli :$bbiografia intellettuale$9(OLS)http://semarc/title/205667 996 $6260$aTorino :$bBollati Boringhieri$9(OLS)http://semarc/publisher/31556 LEADER 01172nam a2200277 4500 001 000000352693 003 CaOOAMICUS 005 20230201115038.0 008 230116s2015 it 000 u ita r 020 $a978-88-10-51345-3 040 $aSeMil$bita 100 1 $aContu, Roberto,$d<1976- >.$0(OLS)http://semarc/name/116026 245 10$aCaro prete, questa sera ascolti tu :$bcolloquio tra un giovane sacerdote e un giovane sposo /$cRoberto Contu. 250 $aRist. 264 1$aBologna :$bEDB,$c2015. 300 $a135 p. ;$c21 cm 490 1 $aItinerari 650 4$aVocazione personale.$0(OLS)http://semarc/subject/18332 830 0$aItinerari.$0(OLS)http://semarc/title/10409 850 $aSeMil 852 $aSeMil$W1$xVenegono$y1$m2C VII 394$j237035$B243915$CSeMilBibl$Z2$F243915 $81 961 $aScanziani don Francesco - Omaggio 996 $6020$a978-88-10-51345-3$9(OLS)http://semarc/number/297467 996 $6245$aCaro prete, questa sera ascolti tu :$bcolloquio tra un giovane sacerdote e un giovane sposo$9(OLS)http://semarc/title/442595 996 $6264$aBologna :$bEDB$9(OLS)http://semarc/publisher/29669